المسلمون المنسيون (Record no. 14142)
[ view plain ]
| 000 -LEADER | |
|---|---|
| fixed length control field | 00900nam a22001937a 4500 |
| 008 - FIXED-LENGTH DATA ELEMENTS--GENERAL INFORMATION | |
| fixed length control field | 100621t xxu||||| |||| 00| 0 eng d |
| 082 ## - DEWEY DECIMAL CLASSIFICATION NUMBER | |
| Edition number | 22 |
| Classification number | 218.89 |
| Item number | ب ش ر |
| 100 ## - MAIN ENTRY--PERSONAL NAME | |
| 9 (RLIN) | 14964 |
| Personal name | البشرى،يسرى عبد الغنى |
| 245 ## - TITLE STATEMENT | |
| Title | المسلمون المنسيون |
| Statement of responsibility, etc | يسرى عبد الغنى البشرى |
| 260 ## - PUBLICATION, DISTRIBUTION, ETC. (IMPRINT) | |
| Place of publication, distribution, etc | الرياض: |
| Name of publisher, distributor, etc | مكتبة الساعى، |
| Date of publication, distribution, etc | [1989]. |
| 300 ## - PHYSICAL DESCRIPTION | |
| Extent | 160ص. |
| Dimensions | 24سم. |
| 500 ## - GENERAL NOTE | |
| General note | إهداء من الدكتور علاء عبد الغنى |
| 650 ## - SUBJECT ADDED ENTRY--TOPICAL TERM | |
| 9 (RLIN) | 14968 |
| Topical term or geographic name as entry element | اقليات اسلامية |
| 650 ## - SUBJECT ADDED ENTRY--TOPICAL TERM | |
| 9 (RLIN) | 14969 |
| Topical term or geographic name as entry element | المسلمون فى أسيا |
| 650 ## - SUBJECT ADDED ENTRY--TOPICAL TERM | |
| 9 (RLIN) | 14971 |
| Topical term or geographic name as entry element | مسلمون فى افريقيا |
| 650 ## - SUBJECT ADDED ENTRY--TOPICAL TERM | |
| 9 (RLIN) | 14972 |
| Topical term or geographic name as entry element | المسلمون فى الغرب |
| 942 ## - ADDED ENTRY ELEMENTS (KOHA) | |
| Source of classification or shelving scheme | Dewey Decimal Classification |
| Item type | Book - Borrowing |
| Withdrawn status | Item status | Source of classification or shelving scheme | Damaged status | Not for loan | Vendor | Home library | Current library | Shelving location | Date acquired | Source of acquisition | Total Checkouts | Full call number | Barcode | Date last seen | Koha item type |
|---|---|---|---|---|---|---|---|---|---|---|---|---|---|---|---|
| Dewey Decimal Classification | Central Library | Central Library | Lower Floor | 21/06/2010 | Donation | 218.89 ا ل ب | 000021029 | 15/07/2025 | Book - Borrowing |